MARC

LEADER 00000nam0a2200000 4500
001 273176
005 20231101234614.0
035 |a (RuTPU)RU\TPU\book\296385 
090 |a 273176 
100 |a 20141024d1987 m y0rusy50 ca 
101 0 |a rus 
102 |a RU 
105 |a a j 001zy 
200 1 |a Технология строительного производства  |e учебник для вузов  |f под ред. Г. М. Бадьина , А. В. Мещанинова 
205 |a [4-е изд.] 
210 |a Ленинград  |c Стройиздат  |d 1987 
215 |a 606 с.  |c ил. 
320 |a Библиогр.: с. 592-594 
320 |a Предметный указатель: с. 595-599 
606 1 |a Технология строительных процессов  |2 stltpush  |3 (RuTPU)RU\TPU\subj\60155  |9 77644 
610 1 |a понятия 
610 1 |a строительное производство 
610 1 |a подготовительные работы 
610 1 |a строительные грузы 
610 1 |a транспортирование 
610 1 |a грунт 
610 1 |a укладка 
610 1 |a сваи 
610 1 |a погружение 
610 1 |a подземные сооружения 
610 1 |a каменные работы 
610 1 |a монолитный бетон 
610 1 |a железобетон 
610 1 |a строительные конструкции 
610 1 |a монтаж 
610 1 |a защитные покрытия 
610 1 |a здания 
610 1 |a возведение 
610 1 |a интенсификация 
610 1 |a учебники 
675 |a 69(075.8)  |v 4 
702 1 |a Бадьин  |b Г. М.  |4 340 
702 1 |a Мещанинов  |b А. В.  |4 340 
801 1 |a RU  |b 63413507  |c 20141024 
801 2 |a RU  |b 63413507  |c 20170111  |g RCR 
942 |c BK